[Event "DEN-ch cand"]
[Site "Helsingor"]
[Date "2012.04.03"]
[Round "1"]
[White "Jorgensen, Michael Brunsgaard"]
[Black "Thuesen, Mogens Henrik"]
[Result "1-0"]
[WhiteElo "2294"]
[BlackElo "2186"]
[PlyCount "73"]
[EventDate "2012.04.03"]
[EventType "swiss"]
[EventRounds "7"]
[EventCountry "DEN"]
[SourceTitle "EXT 2018"]
[Source "ChessBase"]
[SourceDate "2017.10.13"]
[SourceVersion "1"]
[SourceVersionDate "2017.10.13"]
[SourceQuality "1"]

1. d4 Nf6 2. c4 c5 3. d5 e5 4. Nc3 d6 5. e4 Be7 6. g3 0-0 7. Bg2 Na6 8. Nge2 Nc7 9. a4 Rb8 10. 0-0 a6 11. a5 Nd7 12. h3 Ne8 13. Ra3 g6 14. Bh6 Ng7 15. Qd2 Kh8 16. Kh2 b6 17. axb6 Rxb6 18. Na4 Rb4 19. b3 f5 20. Nc1 f4 21. gxf4 exf4 22. Bxf4 Rxf4 23. Qxf4 Ne5 24. Qe3 g5 25. Nb2 Bf6 26. Nbd3 Rb8 27. f4 Ng6 28. fxg5 Bxg5 29. Qf3 Qe7 30. Ne2 Bb7 31. Qf7 Re8 32. Qxe7 Rxe7 33. e5 Nh5 34. e6 Kg7 35. Bf3 Nf6 36. Ng3 Nh4 37. Bh1 1-0

[Event "DEN-chT 0708"]
[Site "Denmark"]
[Date "2008.04.13"]
[Round "9.4"]
[White "Christensen, Stefan"]
[Black "Jorgensen, Michael Brunsgaard"]
[Result "1/2-1/2"]
[WhiteElo "2308"]
[BlackElo "2217"]
[PlyCount "70"]
[EventDate "2007.11.10"]
[EventType "team-tourn"]
[EventRounds "9"]
[EventCountry "DEN"]
[SourceTitle "EXT 2023"]
[Source "ChessBase"]
[SourceDate "2022.10.05"]
[SourceVersion "1"]
[SourceVersionDate "2022.10.05"]
[SourceQuality "1"]
[WhiteTeam "Jetsmark"]
[BlackTeam "Helsingor"]
[WhiteTeamCountry "DEN"]
[BlackTeamCountry "DEN"]

1. e4 e6 2. d4 d5 3. Nc3 Bb4 4. e5 c5 5. a3 Bxc3+ 6. bxc3 Ne7 7. Qg4 Qc7 8. Qxg7 Rg8 9. Qxh7 cxd4 10. Ne2 Nbc6 11. f4 Bd7 12. Qd3 dxc3 13. Rg1 0-0-0 14. g4 Kb8 15. Rb1 Ka8 16. h4 Bc8 17. Rg3 d4 18. Bg2 Nd5 19. g5 Nde7 20. h5 Nf5 21. Rh3 Kb8 22. Ng3 Nxg3 23. Rxg3 b6 24. Qc4 Bb7 25. a4 Ne7 26. Qxc7+ Kxc7 27. Bxb7 Kxb7 28. Ke2 Rd5 29. Rb5 Rdd8 30. Kd3 a6 31. Rb4 Nf5 32. Rh3 Kc6 33. Rc4+ Kb7 34. Rb4 Kc6 35. Rc4+ Kb7 1/2-1/2

[Event "Lovsprings op 10th"]
[Site "Ringsted"]
[Date "1998.04.17"]
[Round "4"]
[White "Jensen, Leif"]
[Black "Jorgensen, Michael Brunsgaard"]
[Result "0-1"]
[WhiteElo "2049"]
[BlackElo "2253"]
[PlyCount "70"]
[EventDate "1998.03.13"]
[EventType "swiss"]
[EventRounds "7"]
[EventCountry "DEN"]
[SourceTitle "EXT 2018"]
[Source "ChessBase"]
[SourceDate "2017.10.13"]
[SourceVersion "1"]
[SourceVersionDate "2017.10.13"]
[SourceQuality "1"]

1. e4 e6 2. d4 d5 3. Nd2 Nf6 4. e5 Nfd7 5. c3 c5 6. f4 Nc6 7. Ndf3 cxd4 8. cxd4 Qb6 9. g3 Be7 10. Kf2 f6 11. Kg2 0-0 12. Qb3 fxe5 13. Qxb6 Nxb6 14. dxe5 Bd7 15. Bd2 d4 16. Bd3 Na4 17. Rb1 Nc5 18. Bc4 a6 19. a3 b5 20. Ba2 a5 21. Ne2 d3 22. Ned4 b4 23. axb4 axb4 24. Bc4 Na5 25. b3 Nxc4 26. bxc4 Ra2 27. Kh3 Ne4 28. Be3 Nc3 29. Ra1 Rfa8 30. Rxa2 Rxa2 31. Nd2 Bc5 32. N2b3 Bxd4 33. Bxd4 d2 34. Bxc3 bxc3 35. Nd4 c2 0-1